東京メトロの乗降促進メロディー - Statistics

General Stats
  • This quiz has been taken 7 times
  • The average score is 9 of 20
Answer Stats
Hint Answer % Correct
銀座線 水の都
60%
小鳥のワルツ
60%
舞フラワー
60%
七色の翼
60%
色鉛筆
60%
かぎろい
60%
有楽町線 未来電車
60%
副都心線 未来電車
60%
Rapid
60%
Rapid
60%
日比谷線 メトロの休日
40%
東西線 スカイブルー
40%
アゲハ蝶のワルツ
40%
千代田線北綾瀬支線 Go Forward
40%
丸ノ内線 街並みはるか
20%
千代田線 すべてここから始まった
20%
半蔵門線 新しい仲間
20%
晴れ晴れと
20%
南北線 曲名不明
20%
曲名不明
20%
No matching quizzes found
Score Distribution
Percent of People with Each Score
Percentile by Number Answered
Your Score History
You have not taken this quiz